Top 50 countries with the most internet users - Statistics

General Stats
  • This quiz has been taken 609 times
  • The average score is 39 of 50
Answer Stats
Rank # Country % Correct
1 721 Mil China
100%
3 287 Mil United States
99%
2 462 Mil India
98%
6 102 Mil Russia
96%
11 54 Mil United Kingdom
96%
4 120 Mil Brazil
94%
13 52 Mil France
93%
8 71 Mil Germany
93%
5 115 Mil Japan
92%
19 36 Mil Spain
91%
12 53 Mil Indonesia
90%
20 36 Mil Italy
90%
10 62 Mil Mexico
90%
23 26 Mil Argentina
89%
15 41 Mil South Korea
89%
32 18 Mil Australia
88%
22 30 Mil Canada
88%
21 34 Mil Pakistan
87%
14 42 Mil Egypt
86%
18 37 Mil Turkey
86%
26 24 Mil South Africa
85%
25 24 Mil Poland
84%
24 25 Mil Iran
83%
7 86 Mil Nigeria
82%
44 9 Mil Sweden
82%
39 11 Mil Chile
80%
29 20 Mil Thailand
80%
16 40 Mil Vietnam
80%
27 24 Mil Colombia
79%
31 19 Mil Ukraine
79%
38 12 Mil Peru
78%
35 16 Mil Saudi Arabia
78%
50 7 Mil Portugal
77%
36 16 Mil Netherlands
76%
9 63 Mil Bangladesh
75%
28 20 Mil Malaysia
72%
45 9 Mil Belgium
70%
17 39 Mil Philippines
70%
41 11 Mil Romania
69%
37 16 Mil Venezuela
68%
33 18 Mil Morocco
64%
30 19 Mil Taiwan
64%
49 7 Mil Switzerland
63%
47 8 Mil Czech Republic
61%
48 7 Mil Hungary
57%
43 10 Mil Kazakhstan
51%
34 17 Mil Kenya
51%
40 11 Mil Uzbekistan
41%
46 8 Mil Sudan
40%
42 11 Mil Nepal
39%
No matching quizzes found
Score Distribution
Percent of People with Each Score
Percentile by Number Answered
Your Score History
You have not taken this quiz